000
00202 a2200097 4500
001
52208
100
_a
Cartland, B
245
_a
Gift of the Gods
260
_a
London
_b
Bantam
_c
090
_c
32871
_d
32871
942
_a
NUST-CAE
_c
M
_c
25415
999
_c
287281
_d
287281